[Event "11. Senioren Team Europameiste"]
[Site "Velden - Casino"]
[Date "2009.04.07"]
[Round "3"]
[Board "3"]
[White "Brandstaetter, Walter"]
[Black "Kverndal, Leif"]
[Result "0-1"]
[WhiteElo "1988"]
[BlackElo "1941"]
[PlyCount "74"]
[EventDate "2009.04.05"]
[EventType "team"]
[EventRounds "9"]
[EventCountry "AUT"]
[WhiteTeam "SK Volksbank Lienz"]
[BlackTeam "Norwegen 2"]

1.d4 Nf6 2.Nf3 g6 3.Bf4 Bg7 4.e3 b6 5.Bc4 Bb7 6.O-O O-O 7.h3 d5 8.Bb3 Ne4 9.Nbd2
c5 10.Nxe4 dxe4 11.Ne5 Ba6 12.c4 g5 13.Bg3 f6 14.Ng4 Nd7 15.Nh2 f5 16.f4 gxf4
17.Bxf4 Kh8 18.Rf2 cxd4 19.exd4 e5 20.dxe5 Nxe5 21.Bxe5 Bxe5 22.Rd2 Qc7 23.Nf1
Rad8 24.Qc2 Rxd2 25.Nxd2 Qg7 26.Rd1 Bb7 27.Nf1 f4 28.c5 Bd4+ 29.Kh1 bxc5 30.Nh2
f3 31.Rxd4 cxd4 32.gxf3 exf3 33.Qf2 Qg2+ 34.Qxg2 fxg2+ 35.Kg1 Rc8 36.Kf2 Rc1
37.Nf3 Bxf3

[Event "11. Senioren Team Europameiste"]
[Site "Velden - Casino"]
[Date "2009.04.07"]
[Round "3"]
[Board "1"]
[White "Hicker, Harald"]
[Black "Birkestrand, Odd"]
[Result "1-0"]
[WhiteElo "2108"]
[BlackElo "1859"]
[PlyCount "87"]
[EventDate "2009.04.05"]
[EventType "team"]
[EventRounds "9"]
[EventCountry "AUT"]
[WhiteTeam "Carinthia"]
[BlackTeam "Norwegen 3"]

1.d4 Nf6 2.Nf3 c5 3.c4 b5 4.cxb5 e6 5.e3 Bb7 6.Nc3 cxd4 7.Nxd4 g6 8.Bd2 Bg7
9.Nf3 O-O 10.Be2 a6 11.O-O axb5 12.Bxb5 Qb6 13.Qe2 d5 14.Na4 Rxa4 15.Bxa4 Ba6
16.Qe1 Bxf1 17.Qxf1 Qxb2 18.Qc1 Ne4 19.Qxb2 Bxb2 20.Rb1 Nxd2 21.Nxd2 Bc3 22.Nb3
Na6 23.Rc1 Bb2 24.Rb1 Bf6 25.Bb5 Nc7 26.a4 Rb8 27.Nc5 Be7 28.Nd7 Rb7 29.Ne5 Bd6
30.Nc6 Kf8 31.Kf1 Bc5 32.Ke2 Nxb5 33.axb5 Bb6 34.Kd3 Ke8 35.Kc3 f6 36.Kb4 Kd7
37.Ra1 e5 38.Ra8 d4 39.exd4 exd4 40.Kc4 Kd6 41.Nxd4 Bxd4 42.Rd8+ Ke5 43.Rxd4
Rc7+ 44.Kd3

[Event "11. Senioren Team Europameiste"]
[Site "Velden - Casino"]
[Date "2009.04.07"]
[Round "3"]
[Board "2"]
[White "Wicklund-Hansen, Richard"]
[Black "Peierl, Walter"]
[Result "0-1"]
[WhiteElo "1840"]
[BlackElo "1951"]
[PlyCount "74"]
[EventDate "2009.04.05"]
[EventType "team"]
[EventRounds "9"]
[EventCountry "AUT"]
[WhiteTeam "Norwegen 3"]
[BlackTeam "Carinthia"]

1.e4 e6 2.d3 c5 3.g3 Nf6 4.Bg2 d5 5.Nd2 Nc6 6.Ngf3 dxe4 7.dxe4 Be7 8.c3 e5 9.O-O
Bg4 10.Qc2 Qc7 11.a4 O-O 12.Nc4 Rad8 13.Ne3 Be6 14.Ng5 Bc8 15.Nc4 h6 16.Nf3 Be6
17.Qe2 Rd7 18.Bd2 Rfd8 19.Rfd1 Rd3 20.Na3 Bb3 21.Rdc1 Qd7 22.Nb1 Qd6 23.Be1 Bd1
24.Rxd1 Rxd1 25.Nfd2 Rc1 26.Nb3 Qd1 27.Nxc1 Qxc1 28.Bf3 Na5 29.Kg2 c4 30.b4 Nb3
31.Ra2 Qxb1 32.Rb2 Qc1 33.Rc2 Qg5 34.Qxc4 Nd2 35.h4 Nxc4 36.hxg5 hxg5 37.Be2 Rc8

[Event "11. Senioren Team Europameiste"]
[Site "Velden - Casino"]
[Date "2009.04.07"]
[Round "3"]
[Board "4"]
[White "Ludvigsen, Jan"]
[Black "Wernig, Klaus"]
[Result "0-1"]
[WhiteElo "1785"]
[BlackElo "1961"]
[PlyCount "78"]
[EventDate "2009.04.05"]
[EventType "team"]
[EventRounds "9"]
[EventCountry "AUT"]
[WhiteTeam "Norwegen 3"]
[BlackTeam "Carinthia"]

1.e4 c5 2.Nf3 e6 3.d4 cxd4 4.Nxd4 Bc5 5.Nb3 Bb6 6.Nc3 Ne7 7.Bd3 Nbc6 8.O-O O-O
9.Kh1 f5 10.exf5 Nxf5 11.Ne4 d5 12.Ng5 h6 13.Nh3 Qh4 14.Nf4 Bxf2 15.Bxf5 Rxf5
16.Nh3 Bd7 17.Nc5 Bxc5 18.Rxf5 exf5 19.Qxd5+ Kh8 20.Qxc5 Qe1+ 21.Qg1 Re8 22.Bf4
Qe4 23.Qd1 Nd4 24.c3 Bc6 25.Qf1 Ne2 26.Bd6 f4 27.Ng1 Qg6 28.Nxe2 f3 29.gxf3 Qxd6
30.Nd4 Rf8 31.Nxc6 Qxc6 32.Kg2 Qg6+ 33.Kf2 Qh5 34.Qg2 Qc5+ 35.Kf1 Qe3 36.Qe2
Rxf3+ 37.Ke1 Qf4 38.Qg2 Qe4+ 39.Kd2 Rd3+

[Event "11. Senioren Team Europameiste"]
[Site "Velden - Casino"]
[Date "2009.04.07"]
[Round "3"]
[Board "1"]
[White "Hennings, Margit"]
[Black "Scholvin, Erich"]
[Result "0-1"]
[WhiteElo "2008"]
[BlackElo "2104"]
[PlyCount "92"]
[EventDate "2009.04.05"]
[EventType "team"]
[EventRounds "9"]
[EventCountry "AUT"]
[WhiteTeam "Kaernten Damen"]
[BlackTeam "ASKOE Finkenstein 1"]

1.e4 e6 2.d4 d5 3.e5 c5 4.c3 Nc6 5.Nf3 Nge7 6.g4 Bd7 7.Bg2 b6 8.O-O Ng6 9.Be3
Be7 10.Nbd2 O-O 11.a3 Rc8 12.Rc1 f6 13.exf6 gxf6 14.Bh6 Rf7 15.h4 Bf8 16.Bxf8
Qxf8 17.Qe2 Nf4 18.Qe3 Nxg2 19.Kxg2 Re8 20.dxc5 bxc5 21.Nb3 c4 22.Nbd4 Nxd4
23.Nxd4 Rg7 24.f3 e5 25.Ne2 h5 26.g5 fxg5 27.hxg5 Qf5 28.Kf2 h4 29.Rg1 Rf8
30.Rce1 Bc6 31.Ref1 Qd3 32.Qxd3 cxd3 33.Nc1 d2 34.Nb3 d1=Q 35.Rxd1 Ba4 36.Nc5
Bxd1 37.Rxd1 e4 38.Rxd5 Rxf3+ 39.Ke2 Re7 40.Rd4 h3 41.Rd1 Rg3 42.Rh1 e3 43.b4
Rg2+ 44.Ke1 h2 45.Kf1 Ra2 46.Nd3 e2+

[Event "11. Senioren Team Europameiste"]
[Site "Velden - Casino"]
[Date "2009.04.08"]
[Round "4"]
[Board "1"]
[White "Tseshkovsky, Vitaly"]
[Black "Donchenko, Anatoly"]
[Result "1-0"]
[WhiteElo "2554"]
[BlackElo "2378"]
[PlyCount "65"]
[EventDate "2009.04.05"]
[EventType "team"]
[EventRounds "9"]
[EventCountry "AUT"]
[WhiteTeam "Russland"]
[BlackTeam "Deutschland"]

1.e4 c6 2.d4 d5 3.f3 e6 4.Nc3 b6 5.Nh3 Nf6 6.e5 Nfd7 7.Ne2 c5 8.c3 b5 9.f4 g6
10.Ng5 h6 11.Nf3 Nc6 12.g4 b4 13.h4 bxc3 14.bxc3 cxd4 15.cxd4 Rg8 16.Kf2 Qa5
17.Bd2 Bb4 18.Bxb4 Nxb4 19.a3 Nc6 20.h5 gxh5 21.Rxh5 Rxg4 22.Rxh6 Ne7 23.Ng5 Nf8
24.Bh3 Nf5 25.Rf6 Rxg5 26.fxg5 Nh7 27.Bxf5 exf5 28.Qc1 Nxf6 29.Qc6+ Nd7 30.Qxa8
Nb6 31.Qc6+ Bd7 32.Qf6 Bb5 33.Rh1

[Event "11. Senioren Team Europameiste"]
[Site "Velden - Casino"]
[Date "2009.04.08"]
[Round "4"]
[Board "2"]
[White "Hecht, Hans-Joachim"]
[Black "Vasiukov, Evgeni"]
[Result "1/2-1/2"]
[WhiteElo "2390"]
[BlackElo "2482"]
[PlyCount "81"]
[EventDate "2009.04.05"]
[EventType "team"]
[EventRounds "9"]
[EventCountry "AUT"]
[WhiteTeam "Deutschland"]
[BlackTeam "Russland"]

1.d4 f5 2.g3 Nf6 3.Bg2 g6 4.c3 Bg7 5.Nd2 d5 6.Ndf3 Nc6 7.Nh3 Ne4 8.Nf4 e6 9.Nd3
O-O 10.Be3 b6 11.Qc1 Re8 12.Bf4 Ba6 13.O-O Rc8 14.Re1 Na5 15.Nfe5 c5 16.f3 Nd6
17.Be3 Nac4 18.Bf2 Nxe5 19.Nxe5 Bxe5 20.dxe5 Nf7 21.f4 Qc7 22.h3 h5 23.Bf3 Kg7
24.Rd1 Rh8 25.Qe3 Bb7 26.Kg2 g5 27.Kg1 g4 28.Bg2 gxh3 29.Bxh3 Nh6 30.Bg2 Ng4
31.Qd3 Rcd8 32.Bf3 Kf7 33.b4 Ba8 34.bxc5 bxc5 35.Qb5 Rc8 36.Rab1 h4 37.gxh4 Qe7
38.Rd3 Rhg8 39.Kf1 Qc7 40.Rbd1 Nh2+ 41.Ke1

[Event "11. Senioren Team Europameiste"]
[Site "Velden - Casino"]
[Date "2009.04.08"]
[Round "4"]
[Board "4"]
[White "Malich, Burkhard"]
[Black "Chernikov, Oleg L"]
[Result "1/2-1/2"]
[WhiteElo "2372"]
[BlackElo "2388"]
[PlyCount "87"]
[EventDate "2009.04.05"]
[EventType "team"]
[EventRounds "9"]
[EventCountry "AUT"]
[WhiteTeam "Deutschland"]
[BlackTeam "Russland"]

1.d4 d5 2.Nf3 Nf6 3.c4 c5 4.e3 e6 5.Nc3 a6 6.cxd5 Nxd5 7.Bd3 b6 8.O-O Be7 9.Nxd5
exd5 10.b3 O-O 11.Bb2 Bg4 12.Qe2 Re8 13.Rfd1 cxd4 14.Bxd4 Bf6 15.Bxf6 Qxf6 16.h3
Bxf3 17.Qxf3 Qxf3 18.gxf3 Ra7 19.Rac1 Kf8 20.Bf1 Rd7 21.Rd4 Ke7 22.Ra4 b5 23.Rh4
h6 24.a4 bxa4 25.Rxa4 Rd6 26.Rc7+ Rd7 27.Rc5 Red8 28.Bxa6 Nxa6 29.Rxa6 Rb7
30.Rc3 d4 31.Rd3 dxe3 32.Rxe3+ Kf8 33.Rc6 g6 34.Kg2 Rd2 35.f4 Rb2 36.f5 gxf5
37.Rxh6 R2xb3 38.Rxb3 Rxb3 39.Rf6 Rb5 40.Kg3 Kg7 41.Ra6 Rb4 42.f3 Rc4 43.h4 f6
44.Ra8

[Event "11. Senioren Team Europameiste"]
[Site "Velden - Casino"]
[Date "2009.04.08"]
[Round "4"]
[Board "1"]
[White "Jansa, Vlastimil"]
[Black "Hoelzl, Franz"]
[Result "1/2-1/2"]
[WhiteElo "2480"]
[BlackElo "2356"]
[PlyCount "116"]
[EventDate "2009.04.05"]
[EventType "team"]
[EventRounds "9"]
[EventCountry "AUT"]
[WhiteTeam "Tschechien"]
[BlackTeam "OEsterreich"]

1.e4 c5 2.Nf3 d6 3.d4 cxd4 4.Nxd4 Nf6 5.Nc3 a6 6.Bd3 g6 7.O-O Bg7 8.Re1 O-O
9.Bf1 b6 10.Nd5 Bb7 11.Nxf6+ Bxf6 12.Bh6 Re8 13.c3 Nd7 14.Bc4 e6 15.a4 Bg5
16.Bxg5 Qxg5 17.Nf3 Qc5 18.Qd4 Rac8 19.Bb3 Qxd4 20.cxd4 Kf8 21.Nd2 Ke7 22.Rad1
Rc7 23.Nb1 b5 24.f3 b4 25.a5 Rec8 26.Nd2 Nb8 27.Kf2 e5 28.Ba4 Bc6 29.Bxc6 Rxc6
30.Nb3 Rc2+ 31.Re2 R8c4 32.Rdd2 Rxd2 33.Rxd2 exd4 34.Rxd4 Rc2+ 35.Rd2 Rxd2+
36.Nxd2 d5 37.Ke3 Kd6 38.f4 Nc6 39.exd5 Kxd5 40.Kd3 Nxa5 41.Ne4 Nc4 42.Nf6+ Kc5
43.Ne4+ Kb5 44.b3 Na5 45.Nd6+ Kc5 46.Ne4+ Kb5 47.Nd6+ Kc6 48.Nxf7 Nxb3 49.Kc4
Nc1 50.Ne5+ Kd6 51.Kxb4 Kd5 52.g3 g5 53.Nd7 gxf4 54.gxf4 Ke4 55.Nf6+ Kxf4
56.Nxh7 Kg4 57.Ka5 Kh3 58.Kxa6 Kxh2

[Event "11. Senioren Team Europameiste"]
[Site "Velden - Casino"]
[Date "2009.04.08"]
[Round "4"]
[Board "2"]
[White "Danner, Georg"]
[Black "Pribyl, Josef"]
[Result "1-0"]
[WhiteElo "2445"]
[BlackElo "2346"]
[PlyCount "79"]
[EventDate "2009.04.05"]
[EventType "team"]
[EventRounds "9"]
[EventCountry "AUT"]
[WhiteTeam "OEsterreich"]
[BlackTeam "Tschechien"]

1.d4 d6 2.Nf3 Bg4 3.e4 Nf6 4.Nc3 e6 5.h3 Bh5 6.Qe2 c6 7.g4 Bg6 8.h4 h5 9.g5 Nfd7
10.Bd2 Be7 11.O-O-O d5 12.Bh3 Na6 13.Qe1 Nc7 14.Ne5 Nxe5 15.dxe5 Qd7 16.f4 O-O-O
17.Qf2 d4 18.Nb1 Kb8 19.f5 Bh7 20.Qf3 Bc5 21.g6 fxg6 22.f6 Rhf8 23.Bg5 Qe8
24.Nd2 gxf6 25.exf6 e5 26.Qg3 Bg8 27.f7 Qxf7 28.Bxd8 Rxd8 29.Qxe5 Bd6 30.Qxd4
Be7 31.Qe3 Bxh4 32.Nf3 Qxa2 33.Rxd8+ Bxd8 34.Qd4 Be7 35.Qd7 Be6 36.Qxe7 Bxh3
37.Ne5 Ne6 38.Qd6+ Kc8 39.Qd7+ Kb8 40.Qd6+ {and white wins after some more
moves!}

[Event "11. Senioren Team Europameiste"]
[Site "Velden - Casino"]
[Date "2009.04.08"]
[Round "4"]
[Board "3"]
[White "Trapl, Jindrich"]
[Black "Wittmann, Walter"]
[Result "1/2-1/2"]
[WhiteElo "2353"]
[BlackElo "2272"]
[PlyCount "43"]
[EventDate "2009.04.05"]
[EventType "team"]
[EventRounds "9"]
[EventCountry "AUT"]
[WhiteTeam "Tschechien"]
[BlackTeam "OEsterreich"]

1.d4 d5 2.Nf3 Nf6 3.e3 g6 4.Be2 Bg7 5.O-O O-O 6.b4 Bg4 7.Nbd2 c6 8.c4 Nbd7 9.Bb2
Re8 10.h3 Bxf3 11.Nxf3 a6 12.a4 e6 13.b5 axb5 14.axb5 Qc7 15.cxd5 cxd5 16.Qb3
Bf8 17.Rac1 Qb6 18.Ne5 Nxe5 19.dxe5 Nd7 20.Rc2 Nc5 21.Bd4 Qa7 22.Qb2

[Event "11. Senioren Team Europameiste"]
[Site "Velden - Casino"]
[Date "2009.04.08"]
[Round "4"]
[Board "4"]
[White "Janetschek, Karl"]
[Black "Pacl, Vaclav"]
[Result "1/2-1/2"]
[WhiteElo "2267"]
[BlackElo "2277"]
[PlyCount "83"]
[EventDate "2009.04.05"]
[EventType "team"]
[EventRounds "9"]
[EventCountry "AUT"]
[WhiteTeam "OEsterreich"]
[BlackTeam "Tschechien"]

1.e4 c6 2.d4 d5 3.Nc3 dxe4 4.Nxe4 Bf5 5.Ng3 Bg6 6.Nh3 e6 7.Nf4 Bd6 8.Nxg6 hxg6
9.Ne4 Nf6 10.Qf3 Nxe4 11.Qxe4 Nd7 12.g3 Qa5+ 13.Bd2 Qd5 14.Qxd5 cxd5 15.a3 Rc8
16.O-O-O Nf6 17.Be2 Rh3 18.Rdg1 Kd7 19.Bf1 Rhh8 20.f3 a6 21.Rg2 Be7 22.Bg5 Bd8
23.Kb1 Bb6 24.c3 Ne8 25.Bf4 Nd6 26.Bxd6 Kxd6 27.f4 Bd8 28.Rf2 Bf6 29.h4 Rc7
30.Rg1 Rhc8 31.Bd3 b5 32.Rc2 Kc6 33.Kc1 Kb6 34.Kd2 Be7 35.Ra1 Bd6 36.Rcc1 Be7
37.Re1 Bd6 38.Re2 Rh8 39.Rf1 Re7 40.Rfe1 Rhe8 41.Kc2 Kc6 42.Kd2

[Event "11. Senioren Team Europameiste"]
[Site "Velden - Casino"]
[Date "2009.04.08"]
[Round "4"]
[Board "2"]
[White "Kanko, Ilkka"]
[Black "Vucenovic, Dragomir"]
[Result "1/2-1/2"]
[WhiteElo "2234"]
[BlackElo "2296"]
[PlyCount "45"]
[EventDate "2009.04.05"]
[EventType "team"]
[EventRounds "9"]
[EventCountry "AUT"]
[WhiteTeam "Finland"]
[BlackTeam "Schweiz"]

1.d4 Nf6 2.c4 e6 3.Nf3 d5 4.Nc3 Bb4 5.e3 c5 6.Be2 dxc4 7.Bxc4 Qc7 8.Qb3 a6 9.O-O
Nc6 10.Be2 cxd4 11.exd4 O-O 12.Bg5 Be7 13.Rac1 Qd8 14.Rfd1 Nd5 15.Be3 Na5 16.Qc2
Bd7 17.Nxd5 exd5 18.Ne5 Rc8 19.Qd2 Rxc1 20.Rxc1 Nc6 21.Nxc6 Bxc6 22.Bxa6 Qa8
23.Bd3

[Event "11. Senioren Team Europameiste"]
[Site "Velden - Casino"]
[Date "2009.04.08"]
[Round "4"]
[Board "4"]
[White "Kivipelto, Kaj-Erik"]
[Black "Glauser Hansruedi, "]
[Result "1/2-1/2"]
[WhiteElo "2219"]
[BlackElo "2174"]
[PlyCount "58"]
[EventDate "2009.04.05"]
[EventType "team"]
[EventRounds "9"]
[EventCountry "AUT"]
[WhiteTeam "Finland"]
[BlackTeam "Schweiz"]

1.Nf3 Nf6 2.g3 g6 3.b4 Bg7 4.Bb2 O-O 5.Bg2 d5 6.O-O c6 7.d3 a5 8.a3 axb4 9.axb4
Rxa1 10.Bxa1 Qb6 11.c3 Bg4 12.Ne5 Be6 13.e3 Nbd7 14.Nxd7 Nxd7 15.d4 Ra8 16.Nd2
Ra2 17.Nb3 Qb5 18.Re1 Bf5 19.Bf1 Qa4 20.Nc5 Nxc5 21.bxc5 Bc2 22.Qc1 Be4 23.Bg2
Bd3 24.Bf1 Bxf1 25.Rxf1 e5 26.c4 Rc2 27.Qb1 Qxc4 28.dxe5 Bf8 29.Bd4 Bxc5

[Event "11. Senioren Team Europameiste"]
[Site "Velden - Casino"]
[Date "2009.04.08"]
[Round "4"]
[Board "1"]
[White "Boehnisch, Manfred"]
[Black "Opl, Klaus"]
[Result "1/2-1/2"]
[WhiteElo "2374"]
[BlackElo "2359"]
[PlyCount "23"]
[EventDate "2009.04.05"]
[EventType "team"]
[EventRounds "9"]
[EventCountry "AUT"]
[WhiteTeam "Schachgemeinschaft Leipzig"]
[BlackTeam "Wien 1"]

1.e4 c5 2.Nf3 e6 3.b3 b6 4.d4 cxd4 5.Nxd4 Bb7 6.Nb5 Nf6 7.e5 Ne4 8.Bd3 a6 9.Bxe4
Bxe4 10.Nd6+ Bxd6 11.Qxd6 Qh4 12.O-O

[Event "11. Senioren Team Europameiste"]
[Site "Velden - Casino"]
[Date "2009.04.08"]
[Round "4"]
[Board "2"]
[White "Titz, Heimo"]
[Black "Braun, Gottfried"]
[Result "1/2-1/2"]
[WhiteElo "2216"]
[BlackElo "2318"]
[PlyCount "93"]
[EventDate "2009.04.05"]
[EventType "team"]
[EventRounds "9"]
[EventCountry "AUT"]
[WhiteTeam "Wien 1"]
[BlackTeam "Schachgemeinschaft Leipzig"]

1.c4 e5 2.Nc3 d6 3.d4 exd4 4.Qxd4 Nc6 5.Qd2 Nf6 6.b3 a5 7.Bb2 a4 8.Nd5 Nxd5
9.cxd5 Ne5 10.Nf3 axb3 11.axb3 Rxa1+ 12.Bxa1 Nd7 13.e3 c6 14.Bc4 Nf6 15.O-O Be7
16.Rd1 c5 17.b4 b6 18.bxc5 bxc5 19.Bb5+ Bd7 20.Qd3 O-O 21.Bc6 h6 22.e4 Qc7 23.e5
Ne8 24.exd6 Bxd6 25.Bxd7 Qxd7 26.Nd2 Be7 27.Nc4 Bf6 28.Be5 Bxe5 29.Nxe5 Qd6
30.Nc4 Qa6 31.d6 Nf6 32.h3 Rd8 33.Ne5 Qxd3 34.Rxd3 Kf8 35.f4 Ke8 36.g4 Nd7
37.Kf2 Nxe5 38.fxe5 Kd7 39.Ke3 Re8 40.Kf4 f6 41.exf6 Rf8 42.g5 hxg5+ 43.Kxg5
Rxf6 44.Rd5 c4 45.Rc5 Rxd6 46.Rxc4 Ke7 47.Rf4

[Event "11. Senioren Team Europameiste"]
[Site "Velden - Casino"]
[Date "2009.04.08"]
[Round "4"]
[Board "3"]
[White "Boehlig, Heinz"]
[Black "Dueckstein, Andreas"]
[Result "0-1"]
[WhiteElo "2261"]
[BlackElo "2235"]
[PlyCount "40"]
[EventDate "2009.04.05"]
[EventType "team"]
[EventRounds "9"]
[EventCountry "AUT"]
[WhiteTeam "Schachgemeinschaft Leipzig"]
[BlackTeam "Wien 1"]

1.Nf3 d5 2.d4 Nc6 3.g3 Bg4 4.Bg2 Qd7 5.O-O Bh3 6.c4 Bxg2 7.Kxg2 e6 8.cxd5 exd5
9.Nc3 Bb4 10.Qb3 Bxc3 11.bxc3 b6 12.Ne5 Nxe5 13.dxe5 Ne7 14.Bg5 Ng6 15.Rad1 c6
16.e4 Qg4 17.f4 h6 18.Bf6 gxf6 19.exd5 fxe5 20.fxe5 O-O

[Event "11. Senioren Team Europameiste"]
[Site "Velden - Casino"]
[Date "2009.04.08"]
[Round "4"]
[Board "4"]
[White "Strauss, Anton"]
[Black "Weber, Bernd"]
[Result "1/2-1/2"]
[WhiteElo "2205"]
[BlackElo "2143"]
[PlyCount "61"]
[EventDate "2009.04.05"]
[EventType "team"]
[EventRounds "9"]
[EventCountry "AUT"]
[WhiteTeam "Wien 1"]
[BlackTeam "Schachgemeinschaft Leipzig"]

1.e4 e5 2.Nf3 Nc6 3.Bb5 a6 4.Ba4 d6 5.Bxc6+ bxc6 6.d4 f6 7.c4 Ne7 8.Nc3 Be6
9.Qa4 Bd7 10.c5 Ng6 11.O-O Be7 12.h4 O-O 13.h5 Nh8 14.Qc4+ Nf7 15.Nh4 Qc8 16.Ng6
hxg6 17.hxg6 Be6 18.d5 Nh8 19.dxe6 Nxg6 20.f4 exf4 21.Bxf4 Rd8 22.Rad1 Nf8
23.cxd6 cxd6 24.Rf3 d5 25.exd5 cxd5 26.Qxc8 Raxc8 27.Nxd5 Bc5+ 28.Be3 Nxe6
29.Bxc5 Rxc5 30.Rfd3 Kf7 31.Ne3

[Event "11. Senioren Team Europameiste"]
[Site "Velden - Casino"]
[Date "2009.04.08"]
[Round "4"]
[Board "1"]
[White "Bachmann, Karlheinz"]
[Black "Sloth, Jorn"]
[Result "1/2-1/2"]
[WhiteElo "2274"]
[BlackElo "2322"]
[PlyCount "21"]
[EventDate "2009.04.05"]
[EventType "team"]
[EventRounds "9"]
[EventCountry "AUT"]
[WhiteTeam "SF Katernberg 1913 e.V."]
[BlackTeam "Danmark 1"]

1.d4 Nf6 2.c4 e6 3.Nf3 Bb4+ 4.Bd2 Qe7 5.e3 b6 6.Bd3 Bb7 7.O-O Bxd2 8.Qxd2 c5
9.Qe2 O-O 10.Nc3 d6 11.Rad1

[Event "11. Senioren Team Europameiste"]
[Site "Velden - Casino"]
[Date "2009.04.08"]
[Round "4"]
[Board "2"]
[White "Brinck-Claussen, Bjorn"]
[Black "Rosen, Willy"]
[Result "1-0"]
[WhiteElo "2290"]
[BlackElo "2290"]
[PlyCount "71"]
[EventDate "2009.04.05"]
[EventType "team"]
[EventRounds "9"]
[EventCountry "AUT"]
[WhiteTeam "Danmark 1"]
[BlackTeam "SF Katernberg 1913 e.V."]

1.e4 c5 2.Nf3 Nc6 3.d4 cxd4 4.Nxd4 Qb6 5.Nb3 Nf6 6.Nc3 e6 7.Bd3 a6 8.Be3 Qc7
9.f4 d6 10.Qf3 Be7 11.O-O-O b5 12.g4 Bb7 13.g5 Nd7 14.Qf2 Nb4 15.Kb1 Nc5 16.Nd4
Rc8 17.Rhf1 g6 18.h4 Bd8 19.Qd2 Nbxd3 20.cxd3 b4 21.Nce2 a5 22.h5 Ba6 23.Nc1 Qa7
24.f5 e5 25.Ndb3 a4 26.Nxc5 dxc5 27.Qh2 O-O 28.hxg6 fxg6 29.fxg6 Rxf1 30.Rxf1
hxg6 31.Qxe5 Qe7 32.Qd5+ Kg7 33.Rf6 Bb7 34.Qd6 Bxe4 35.Qxe7+ Bxe7 36.Re6

[Event "11. Senioren Team Europameiste"]
[Site "Velden - Casino"]
[Date "2009.04.08"]
[Round "4"]
[Board "3"]
[White "Krueger, Erich"]
[Black "Jorgensen, Jorgen"]
[Result "1-0"]
[WhiteElo "2218"]
[BlackElo "2274"]
[PlyCount "77"]
[EventDate "2009.04.05"]
[EventType "team"]
[EventRounds "9"]
[EventCountry "AUT"]
[WhiteTeam "SF Katernberg 1913 e.V."]
[BlackTeam "Danmark 1"]

1.d4 f5 2.Nf3 Nf6 3.g3 g6 4.Bg2 Bg7 5.O-O O-O 6.c4 d6 7.Nc3 Qe8 8.d5 a5 9.Rb1
Na6 10.a3 Bd7 11.b4 axb4 12.axb4 Ne4 13.Qb3 h6 14.h3 Nf6 15.Be3 g5 16.Bd4 Qf7
17.Nd2 Rab8 18.Qb2 c6 19.e4 fxe4 20.Ncxe4 Nxe4 21.Nxe4 cxd5 22.cxd5 Nc7 23.Bxg7
Qxg7 24.Qxg7+ Kxg7 25.Nc3 Ra8 26.Rfe1 Kf6 27.Re3 Bf5 28.Rbe1 Rf7 29.Bf3 Bxh3
30.Bh5 Raf8 31.g4 Bxg4 32.Bxg4 Kg6 33.Rxe7 Rxf2 34.Rxc7 R2f4 35.Re6+ R8f6 36.Be2
Kf5 37.Rxf6+ Kxf6 38.Rxb7 Ke5 39.b5

[Event "11. Senioren Team Europameiste"]
[Site "Velden - Casino"]
[Date "2009.04.08"]
[Round "4"]
[Board "4"]
[White "Grabow, Pouelsten Holm"]
[Black "Neese, Hans-Joachim"]
[Result "1/2-1/2"]
[WhiteElo "2200"]
[BlackElo "2200"]
[PlyCount "37"]
[EventDate "2009.04.05"]
[EventType "team"]
[EventRounds "9"]
[EventCountry "AUT"]
[WhiteTeam "Danmark 1"]
[BlackTeam "SF Katernberg 1913 e.V."]

1.c4 c5 2.Nc3 Nc6 3.Nf3 g6 4.g3 Bg7 5.Bg2 Nf6 6.O-O O-O 7.d4 cxd4 8.Nxd4 Nxd4
9.Qxd4 d6 10.Qd3 Rb8 11.Be3 b6 12.Bd4 Bb7 13.Nd5 Nxd5 14.Bxd5 Bxd5 15.cxd5 Bxd4
16.Qxd4 Qd7 17.Rfc1 Rfc8 18.e4 Rc7 19.e5

[Event "11. Senioren Team Europameiste"]
[Site "Velden - Casino"]
[Date "2009.04.08"]
[Round "4"]
[Board "1"]
[White "Rodriguez Vargas, Orestes"]
[Black "James, Geoffrey H"]
[Result "1/2-1/2"]
[WhiteElo "2406"]
[BlackElo "2199"]
[PlyCount "63"]
[EventDate "2009.04.05"]
[EventType "team"]
[EventRounds "9"]
[EventCountry "AUT"]
[WhiteTeam "Catalonia"]
[BlackTeam "England 1"]

1.d4 Nf6 2.c4 e6 3.Nf3 Bb4+ 4.Nbd2 b6 5.a3 Bxd2+ 6.Qxd2 Ne4 7.Qc2 Bb7 8.g3 O-O
9.Bg2 f5 10.O-O Nc6 11.b4 a5 12.b5 Ne7 13.Bb2 Nf6 14.d5 exd5 15.Ne5 d6 16.Nd3
Qd7 17.Rac1 Rac8 18.Nf4 c6 19.cxd5 c5 20.Qd3 Rc7 21.a4 Re8 22.Rfd1 Ng6 23.Ne6
Nf8 24.Nxg7 Kxg7 25.Bh3 Qe7 26.Qxf5 Qxe2 27.Qg5+ Ng6 28.Rd2 Qe4 29.Bf5 Qf3
30.Rd3 Qe2 31.Rd2 Qf3 32.Rd3

[Event "11. Senioren Team Europameiste"]
[Site "Velden - Casino"]
[Date "2009.04.08"]
[Round "4"]
[Board "2"]
[White "Macdonald-Ross, Michael"]
[Black "Anguera, Maestro Jaime"]
[Result "1-0"]
[WhiteElo "2169"]
[BlackElo "2230"]
[PlyCount "61"]
[EventDate "2009.04.05"]
[EventType "team"]
[EventRounds "9"]
[EventCountry "AUT"]
[WhiteTeam "England 1"]
[BlackTeam "Catalonia"]

1.d4 d5 2.c4 c6 3.Nf3 Nf6 4.e3 e6 5.Nbd2 Nbd7 6.b3 Ne4 7.Bd3 f5 8.O-O Bd6 9.Bb2
O-O 10.Ne5 Nxe5 11.dxe5 Bb4 12.Nf3 Bd7 13.a3 Be7 14.Qe2 Qe8 15.b4 Qh5 16.cxd5
exd5 17.Nd4 Qh6 18.f3 Ng5 19.Bc1 a5 20.Bd2 b6 21.bxa5 c5 22.Bb5 cxd4 23.Bxd7 Bc5
24.Kh1 bxa5 25.exd4 Bxd4 26.Rac1 Kh8 27.e6 Rfe8 28.e7 Bf6 29.Bxe8 Rxe8 30.Rc8
Qh5 31.Rfc1

[Event "11. Senioren Team Europameiste"]
[Site "Velden - Casino"]
[Date "2009.04.08"]
[Round "4"]
[Board "3"]
[White "Buxade Roca, Guillermo"]
[Black "Scholes, James E"]
[Result "1-0"]
[WhiteElo "2239"]
[BlackElo "2110"]
[PlyCount "105"]
[EventDate "2009.04.05"]
[EventType "team"]
[EventRounds "9"]
[EventCountry "AUT"]
[WhiteTeam "Catalonia"]
[BlackTeam "England 1"]

1.e4 c5 2.Nc3 Nc6 3.g3 e5 4.Bg2 g6 5.Nge2 Bg7 6.O-O d6 7.d3 h6 8.f4 Nge7 9.Nd5
Nd4 10.Nxd4 Nxd5 11.Ne2 Ne7 12.c3 O-O 13.Be3 b6 14.Qd2 Kh7 15.f5 Ng8 16.g4 g5
17.Ng3 f6 18.Kf2 Ne7 19.c4 Rh8 20.Rh1 Kg8 21.h4 Kf7 22.hxg5 fxg5 23.Rh2 Ng8
24.Rah1 Nf6 25.Bf3 Bd7 26.Kg2 Qe7 27.Bd1 Rag8 28.Kf3 Ke8 29.b4 Kd8 30.a4 Ke8
31.a5 Kf7 32.Bb3 Rb8 33.Ra1 Ra8 34.b5 Rhb8 35.Qc3 Kg8 36.Raa2 Qd8 37.Ra3 Be8
38.Raa2 bxa5 39.Rxa5 Rb7 40.Qa1 Qc7 41.Ra6 Bf8 42.Bd2 Bf7 43.b6 Qe7 44.Rxa7 Rab8
45.Ra6 Be8 46.Ba4 Nd7 47.Ba5 Nxb6 48.Bxb6 Rxb6 49.Bxe8 Qxe8 50.Rxb6 Rxb6 51.Nh5
d5 52.exd5 Qb8 53.Ke4

[Event "11. Senioren Team Europameiste"]
[Site "Velden - Casino"]
[Date "2009.04.08"]
[Round "4"]
[Board "4"]
[White "Reuben, Stewart"]
[Black "Coll Enriquez, Lluis"]
[Result "1/2-1/2"]
[WhiteElo "2102"]
[BlackElo "2145"]
[PlyCount "85"]
[EventDate "2009.04.05"]
[EventType "team"]
[EventRounds "9"]
[EventCountry "AUT"]
[WhiteTeam "England 1"]
[BlackTeam "Catalonia"]

1.c4 e5 2.g3 Nc6 3.Bg2 g6 4.Nc3 Bg7 5.e3 d6 6.Nge2 Bg4 7.h3 Be6 8.d4 exd4 9.Nxd4
Bd7 10.O-O Nge7 11.Nce2 O-O 12.e4 Qc8 13.Kh2 Nxd4 14.Nxd4 Nc6 15.Be3 Re8 16.Rc1
a6 17.Qd2 Nxd4 18.Bxd4 Bc6 19.Bxg7 Kxg7 20.Qd4+ f6 21.Rfe1 Qe6 22.f4 h6 23.b4
Re7 24.Rc2 Rae8 25.Rb2 b6 26.b5 axb5 27.cxb5 Bd5 28.Ree2 Bb7 29.Rb4 Kh7 30.a4 f5
31.e5 Bxg2 32.Kxg2 dxe5 33.Rxe5 Qa2+ 34.Rb2 Qa1 35.Rd2 Qxd4 36.Rxe7+ Rxe7
37.Rxd4 Kg7 38.Rc4 Rf7 39.Rc6 Rd7 40.g4 fxg4 41.hxg4 h5 42.gxh5 gxh5 43.Kg3